¿ Cómo caracterizar una enseñanza para la comprensión a adolescentes en la actualidad ? (Record no. 157878)

MARC details
000 -CABECERA
campo de control de longitud fija 00645nab a2200217 a 4500
005 - FECHA Y HORA DE LA ÚLTIMA TRANSACCIÓN
campo de control 20210219161453.0
008 - ELEMENTOS DE LONGITUD FIJA--INFORMACIÓN GENERAL
campo de control de longitud fija 991125s1985 mx 000 0 spa u
035 ## - NÚMERO DE CONTROL DEL SISTEMA
Número de control de sistema UPN01000185775
100 1# - ASIENTO PRINCIPAL--NOMBRE PERSONAL
Nombre de persona Sgreccia, Natalia
222 ## - TÍTULO CLAVE
Título clave REVISTA LATINOAMERICANA DE ESTUDIOS EDUCATIVOS
245 ## - MENCIÓN DE TÍTULO
Título ¿ Cómo caracterizar una enseñanza para la comprensión a adolescentes en la actualidad ?
260 ## - PUBLICACIÓN, DISTRIBUCIÓN, ETC.
Lugar de publicación, distribución, etc. México
300 ## - DESCRIPCIÓN FÍSICA
Extensión 151-182
362 0# - FECHAS DE PUBLICACIÓN Y/O DESIGNACIÓN SECUENCIAL
Fecha de publicación y/o designación secuencial 2011 Vol. 41, nos. 3-4, jun.-dic.
653 0# - TERMINO DE INDIZACION - NO CONTROLADO
Término no controlado ADOLESCENTES
653 0# - TERMINO DE INDIZACION - NO CONTROLADO
Término no controlado EDUCACION SECUNDARIA
653 0# - TERMINO DE INDIZACION - NO CONTROLADO
Término no controlado COMPRENSION
700 1# - ASIENTO SECUNDARIO--NOMBRE DE PERSONAL
Nombre de persona Massa, Marta,
700 1# - ASIENTO SECUNDARIO--NOMBRE DE PERSONAL
Término indicativo de función/relación coaut.
905 ## - TIPO DE MATERIAL
Tipo de material Articulo

No items available.